1142 1817 1914 1604 1718 1662 1515 1000 1162 1474 1254 1797 1202 1844 1596 1851 1488 1950 1279 1499 1858 1142 1149 1869 1635 1421 1506 1848 1813 1348 1123 1147 1868 1013 1650 1144 1674 1881 1430 1134 1091 1955 1774 1305 1493 1997 1854 1229 1241 1868 1755 1399 1299 1251 1028 1794 1942 1718 1550 1302 1678 1660 1442 1252 1131 1575 1132 1314 1253 1159 1952 1403 1701 1608 1144 1294 1207 1353 1844 1333 1725 1861 1882 1288 1741 1417 1401 1585 1941 1353 1102 1908 1601 1960 1865 1419 1200 1447 1456 BCNSPRNW ULIB Ver.6.0+V

เปลี่ยนเป็นภาษาไทย

Change to English
 แสดงรายละเอียดบรรณานุกรม
  กลับหน้าหลัก

Brief Record : Get Marc (ISO 2709) : E-mail record : QR code < ปิดหน้าต่าง
LEADER : 00000nam 2200000uu 4500
001    13399123452
003     ULIB
008    020711s2557 th a 000 0 tha d
020    9786165381987
060    WA400^bอ911ส
100    เอมอัชฌา วัฒนบุรานนท์
245    สวัสดิศึกษา.^b=Safety Education./^cเอมอัชฌา วัฒนบุรานนท์
250    พิมพ์ครั้งที่ 3
260    กรุงเทพฯ :^bโอเดียนสโตร์,^c2557
300    224 หน้า;^b24 ซม.
650    อุบัติเหตุ^xการป้องกัน
945    ^p170^l0^i20717
945    ^p170^l0^i20718
945    ^p170^l0^i20719
945    ^p170^l0^i20720
945    ^p170^l0^i20721
รายการนี้ยังไม่มีแท็ก
คุณยังไม่ได้ล็อกอิน คุณสามารถมีกิจกรรมร่วมกับเว็บไซต์ได้ แต่ต้องล็อกอินก่อน ::
  ล็อกอิน

รายการสื่อสารสนเทศ

ลำดับที่ ประเภท เลขเรียก/บาร์โค้ด สถานที่ สถานะ
1. วิทยาศาสตร์การแพทย์ และสุขภาพ
วิทยาศาสตร์การแพทย์ และสุขภาพ
สถานะ=หนังสือเก่า
WA400 อ911ส ฉ.1 
  Barcode: 20717
ห้องสมุดวิทยาเขตนครสวรรค์
►ส่วนจัดเก็บหนังสือเก่า นว.
บนชั้น
  ขอยืม
2. วิทยาศาสตร์การแพทย์ และสุขภาพ
วิทยาศาสตร์การแพทย์ และสุขภาพ
สถานะ=หนังสือเก่า
WA400 อ911ส ฉ.2 
  Barcode: 20718
ห้องสมุดวิทยาเขตนครสวรรค์
►ส่วนจัดเก็บหนังสือเก่า นว.
บนชั้น
  ขอยืม
3. วิทยาศาสตร์การแพทย์ และสุขภาพ
วิทยาศาสตร์การแพทย์ และสุขภาพ
สถานะ=หนังสือเก่า
WA400 อ911ส ฉ.3 
  Barcode: 20719
ห้องสมุดวิทยาเขตนครสวรรค์
►ส่วนจัดเก็บหนังสือเก่า นว.
บนชั้น
  ขอยืม
4. วิทยาศาสตร์การแพทย์ และสุขภาพ
วิทยาศาสตร์การแพทย์ และสุขภาพ
สถานะ=หนังสือเก่า
WA400 อ911ส ฉ.4 
  Barcode: 20720
ห้องสมุดวิทยาเขตนครสวรรค์
►ส่วนจัดเก็บหนังสือเก่า นว.
บนชั้น
  ขอยืม
5. วิทยาศาสตร์การแพทย์ และสุขภาพ
วิทยาศาสตร์การแพทย์ และสุขภาพ
สถานะ=หนังสือเก่า
WA400 อ911ส ฉ.5 
  Barcode: 20721
ห้องสมุดวิทยาเขตนครสวรรค์
►ส่วนจัดเก็บหนังสือเก่า นว.
บนชั้น
  ขอยืม

รายการใกล้เคียง
    ผู้แต่ง [เอมอัชฌา วัฒนบุรานนท์]

BibComment


ยังไม่เคยถูกคอมเมนท์

คอมเมนท์ทรัพยากรรายการนี้
  คอมเมนท์: สวัสดิศึกษา Safet..


 Copyright 2026. Bcnsprnw @Library